Nueva Miscelánea Romanística.
Uloženo v:
| Hlavní autor: | |
|---|---|
| Další autoři: | , |
| Médium: | Kniha |
| Jazyk: | španělština |
| Vydáno: |
Madrid, España:
Universidad Nacional de Educación a Distancia,
2006-2013.
|
| Vydání: | Primera edición. |
| Témata: | |
| Tagy: |
Přidat tag
Žádné tagy, Buďte první, kdo vytvoří štítek k tomuto záznamu!
|
MARC
| LEADER | 00000cam a2200000 a 4500 | ||
|---|---|---|---|
| 001 | UCE1370 | ||
| 003 | CL-VaPUC | ||
| 005 | 20220822114406.0 | ||
| 008 | 140414e20060900sp |||||||||||||||||spa|d | ||
| 999 | |c 355169 |d 355167 | ||
| 020 | |a 8436249674 (o.c) | ||
| 020 | |a 8436253086 (v.I) | ||
| 020 | |a 8436253094 (v.II) | ||
| 020 | |a 978-84-362-6402-9 (v.III) | ||
| 040 | |c Pontificia Universidad Católica de Valparaíso | ||
| 082 | 0 | 4 | |a 340.54 GAR 2013 (v.III) |2 21 |
| 100 | |a García Garrido, Manuel Jesús |e autor |9 573676 | ||
| 245 | 1 | 0 | |a Nueva Miscelánea Romanística. |
| 250 | |a Primera edición. | ||
| 260 | |a Madrid, España: |b Universidad Nacional de Educación a Distancia, |c 2006-2013. | ||
| 300 | |a 3 Volúmenes. | ||
| 500 | |a c.2 Volumen III: Donación Familia Prof. Alejandro Guzmán Brito. | ||
| 583 | |a last modification |c 20140423 12:12:49 |k Rodrigo Vera | ||
| 650 | 0 | |a Derecho romano |9 255930 | |
| 650 | 0 | |a Propiedad |9 255268 | |
| 650 | 0 | |a Jurisprudencia |9 255952 | |
| 650 | 0 | |a Historia del derecho |9 255109 | |
| 650 | 0 | |a Fuentes del derecho |9 255162 | |
| 700 | |a Fernández de Buján, Federico |9 566684 |e presentación |e coordinación | ||
| 700 | |a Reinoso-Barbero, Fernando |9 574912 |e presentación |e coordinación | ||
| 942 | |c BK |2 ddc |n 0 | ||
| 945 | |d 20140414 |a dcastane | ||
| 952 | |0 0 |1 0 |3 erb |4 0 |6 340_540000000000000_GAR_2006 |7 0 |8 DER_ROM |9 461704 |a BIBDER |b BIBDER |h v.1 |i 5067618 |o 340.54 GAR 2006 |p 5067618 |r 2023-01-25 |w 2019-11-23 |x Ubicación 4to piso |y BK |z Este recurso debe solicitarse con anticipación |k DER | ||
| 952 | |0 0 |1 0 |3 erb |4 0 |6 340_540000000000000_GAR_2006 |7 0 |8 DER_ROM |9 461705 |a BIBDER |b BIBDER |h v.2 |i 5067626 |o 340.54 GAR 2006 |p 5067626 |r 2023-01-25 |w 2019-11-23 |x Ubicación 4to piso |y BK |z Este recurso debe solicitarse con anticipación |k DER | ||
| 952 | |0 0 |1 0 |3 erb |4 0 |6 340_540000000000000_GAR_2006 |7 0 |8 DER_ROM |9 461706 |a BIBDER |b BIBDER |h v.3 |i 5067634 |o 340.54 GAR 2006 |p 5067634 |r 2023-01-25 |w 2019-11-23 |x Ubicación 4to piso |y BK |z Este recurso debe solicitarse con anticipación |k DER | ||
| 952 | |0 0 |1 0 |2 ddc |4 0 |6 340_540000000000000_GAR_2013 |7 1 |8 C_AGB |9 580373 |a BIBDER |b BIBDER |d 2022-01-11 |e Donación |h v.III |i 5637031 |o 340.54 GAR 2013 |p 5637031 |r 2023-01-25 |t 2 |w 2022-01-11 |y BK_US |k AGB | ||